000 00729cam a22002291 4500
001 map58000004
003 DLC
005 20260227111555.0
008 761211s1960 vaud b s000 0 eng
010 _amap58000004
035 _a(OCoLC)2613463
040 _aDLC
_cViW
_dDLC
042 _apremarc
050 0 0 _aGA369
_b.V45
082 _a912.7
100 1 _aVerner, Coolie.
245 1 2 _aA carto-bibliographical study of The English pilot.
_bThe fourth book. With special reference to the charts of Virginia.
260 _aCharlottesville, Va.,
_bUniversity of Virginia Press
_c[1960]
300 _aviii, 87, [1] p.
_bcharts.
_c18 cm.
504 _aBibliography: p. 87-[88]
740 4 _aThe English pilot. The fourth book.
999 _c37802
_d37802